[Event "DEM U18 2022"]
[Site "Willingen GER"]
[Date "2022.06.09"]
[Round "7"]
[White "Jeschke, Jan"]
[Black "Weihrauch, Jakob"]
[Result "1/2-1/2"]
[Termination "normal"]
[Board "8"]
[WhiteElo "2125"]
[BlackElo "2151"]
[WhiteClock "00:08:43"]
[BlackClock "00:09:39"]
[PlyCount "100"]
[WhiteFideId "16225430"]
[BlackFideId "16210115"]
[EventCountry "GER"]
[EventRounds "9"]
[EventType "swiss"]
[EventDate "2022.06.04"]

1. e4 {[%clk 1:30:56]} c5 {[%clk 1:30:57]} 2. d4 {[%clk 1:31:00]} cxd4 {[%clk
1:31:23]} 3. c3 {[%clk 1:31:22]} dxc3 {[%clk 1:31:46]} 4. Nxc3 {[%clk 1:31:43]}
Nc6 {[%clk 1:32:06]} 5. Nf3 {[%clk 1:31:51]} e6 {[%clk 1:32:29]} 6. Bc4 {[%clk
1:32:03]} a6 {[%clk 1:32:46]} 7. O-O {[%clk 1:32:05]} b5 {[%clk 1:33:09]} 8.
Bd3 {[%clk 1:32:00]} Bb7 {[%clk 1:32:41]} 9. Re1 {[%clk 1:19:30]} d6 {[%clk
1:21:41]} 10. Be3 {[%clk 0:55:34]} Nf6 {[%clk 1:12:11]} 11. Qe2 {[%clk
0:36:48]} Be7 {[%clk 1:06:51]} 12. Rad1 {[%clk 0:36:59]} Qb8 {[%clk 0:57:50]}
13. a4 {[%clk 0:15:58]} b4 {[%clk 0:57:14]} 14. Nd5 {[%clk 0:15:46]} exd5
{[%clk 0:55:17]} 15. exd5 {[%clk 0:16:09]} Nxd5 {[%clk 0:33:21]} 16. Bg5 {[%clk
0:13:05]} Kf8 {[%clk 0:21:10]} 17. Be4 {[%clk 0:12:10]} Bxg5 {[%clk 0:09:24]}
18. Nxg5 {[%clk 0:12:34]} Nce7 {[%clk 0:02:29]} 19. Qf3 {[%clk 0:03:27]} Nf6
{[%clk 0:02:55]} 20. Bxb7 Ra7 21. Qb3 {[%clk 0:01:36]} d5 {[%clk 0:03:02]} 22.
Rxe7 {[%clk 0:01:15]} Rxb7 {[%clk 0:01:17]} 23. Rxb7 {[%clk 0:01:41]} Qxb7
{[%clk 0:01:46]} 24. a5 {[%clk 0:01:41]} g6 {[%clk 0:00:40]} 25. Rd4 {[%clk
0:01:02]} Kg7 {[%clk 0:01:06]} 26. Qxb4 {[%clk 0:00:39]} Rc8 {[%clk 0:00:44]}
27. g3 {[%clk 0:00:33]} Rc1+ {[%clk 0:00:48]} 28. Kg2 {[%clk 0:01:01]} Qxb4
{[%clk 0:01:15]} 29. Rxb4 {[%clk 0:01:23]} h6 {[%clk 0:01:16]} 30. Nf3 {[%clk
0:01:02]} Ne4 {[%clk 0:01:16]} 31. Nd4 {[%clk 0:01:13]} Rc5 {[%clk 0:00:42]}
32. Rb7 {[%clk 0:00:37]} Rxa5 {[%clk 0:00:36]} 33. Ne6+ {[%clk 0:01:03]} Kg8
{[%clk 0:00:35]} 34. Rb8+ {[%clk 0:01:11]} Kh7 {[%clk 0:01:01]} 35. Rb7 {[%clk
0:01:16]} Kg8 {[%clk 0:00:42]} 36. Rb8+ {[%clk 0:01:41]} Kh7 {[%clk 0:00:45]}
37. Rb7 {[%clk 0:02:07]} Nd6 {[%clk 0:01:12]} 38. Rd7 {[%clk 0:02:33]} Rb5
{[%clk 0:00:51]} 39. Nc7 {[%clk 0:01:42]} Rb7 {[%clk 0:01:04]} 40. Nxd5 {[%clk
0:02:02]} Rxd7 {[%clk 0:01:24]} 41. Nf6+ {[%clk 0:02:26]} Kg7 {[%clk 0:01:48]}
42. Nxd7 {[%clk 0:02:52]} a5 {[%clk 0:30:22]} 43. f3 {[%clk 0:28:43]} g5 {[%clk
0:26:07]} 44. Kf2 {[%clk 0:28:53]} h5 {[%clk 0:22:10]} 45. Ke2 {[%clk 0:24:23]}
Kg6 {[%clk 0:20:50]} 46. Kd3 {[%clk 0:20:08]} Kf5 {[%clk 0:20:03]} 47. Kd4
{[%clk 0:16:38]} g4 {[%clk 0:18:00]} 48. fxg4+ {[%clk 0:13:51]} Kxg4 {[%clk
0:09:39]} 49. Nf6+ {[%clk 0:14:14]} Kg5 {[%clk 0:09:39]} 50. Kc5 {[%clk
0:08:43]} Nb7+ 1/2-1/2

[Event "DEM U18 2022"]
[Site "Willingen GER"]
[Date "2022.06.09"]
[Round "7"]
[White "Müller, Magnus"]
[Black "Haack, Kevin"]
[Result "1/2-1/2"]
[Termination "normal"]
[Board "9"]
[WhiteElo "2034"]
[BlackElo "2176"]
[WhiteClock "00:25:30"]
[BlackClock "00:28:05"]
[PlyCount "88"]
[WhiteFideId "16230060"]
[BlackFideId "16228715"]
[EventCountry "GER"]
[EventRounds "9"]
[EventType "swiss"]
[EventDate "2022.06.04"]

1. d4 {[%clk 1:30:36]} d5 {[%clk 1:30:51]} 2. c4 {[%clk 1:31:01]} e6 {[%clk
1:31:15]} 3. Nf3 {[%clk 1:31:25]} Nf6 {[%clk 1:31:40]} 4. g3 {[%clk 1:31:51]}
Bb4+ {[%clk 1:30:33]} 5. Nc3 {[%clk 1:30:33]} Ne4 {[%clk 1:23:15]} 6. Bd2
{[%clk 1:09:43]} Bxc3 {[%clk 1:15:46]} 7. Bxc3 {[%clk 1:09:51]} O-O {[%clk
1:13:02]} 8. Bg2 {[%clk 1:08:25]} Nxc3 {[%clk 1:07:47]} 9. bxc3 {[%clk
1:08:48]} c6 {[%clk 1:08:14]} 10. O-O {[%clk 1:06:51]} Nd7 {[%clk 1:05:54]} 11.
Nd2 {[%clk 1:03:12]} Qc7 {[%clk 0:58:45]} 12. cxd5 {[%clk 1:01:31]} cxd5 {[%clk
0:47:38]} 13. Qb3 {[%clk 0:59:05]} Nb6 {[%clk 0:40:57]} 14. a4 {[%clk 0:47:11]}
Rb8 {[%clk 0:35:52]} 15. a5 {[%clk 0:35:13]} Nd7 {[%clk 0:33:58]} 16. Rfc1
{[%clk 0:35:06]} b5 {[%clk 0:32:49]} 17. axb6 {[%clk 0:27:38]} Rxb6 {[%clk
0:27:51]} 18. Qd1 {[%clk 0:27:14]} Ba6 {[%clk 0:25:31]} 19. e4 {[%clk 0:24:50]}
Nf6 {[%clk 0:24:26]} 20. Ra3 {[%clk 0:20:24]} Bb5 {[%clk 0:23:02]} 21. exd5
{[%clk 0:17:02]} exd5 {[%clk 0:23:14]} 22. Nb3 {[%clk 0:16:44]} a6 {[%clk
0:20:26]} 23. Nc5 {[%clk 0:17:03]} Nd7 {[%clk 0:18:23]} 24. Nd3 {[%clk
0:17:25]} Qd6 {[%clk 0:18:08]} 25. Rca1 {[%clk 0:16:57]} Rc8 {[%clk 0:17:12]}
26. Nb4 {[%clk 0:12:51]} Nf6 {[%clk 0:15:30]} 27. Qf3 {[%clk 0:12:51]} Bc4
{[%clk 0:14:08]} 28. Qf5 {[%clk 0:13:04]} Qe6 {[%clk 0:11:34]} 29. Qxe6 {[%clk
0:08:55]} fxe6 {[%clk 0:11:38]} 30. f3 {[%clk 0:06:27]} Kf7 {[%clk 0:08:45]}
31. Bf1 {[%clk 0:06:12]} a5 {[%clk 0:07:47]} 32. Nc2 {[%clk 0:05:02]} a4 {[%clk
0:07:00]} 33. Bxc4 {[%clk 0:03:04]} Rxc4 {[%clk 0:07:24]} 34. Nb4 {[%clk
0:03:00]} Rb7 {[%clk 0:07:51]} 35. Nd3 {[%clk 0:02:16]} Nd7 {[%clk 0:07:23]}
36. Kf2 {[%clk 0:01:58]} Kf6 {[%clk 0:03:45]} 37. Ke3 {[%clk 0:02:16]} Rbc7
{[%clk 0:03:07]} 38. Kd2 {[%clk 0:01:28]} e5 {[%clk 0:02:50]} 39. dxe5+ {[%clk
0:00:47]} Nxe5 {[%clk 0:03:04]} 40. Nxe5 {[%clk 0:26:13]} Kxe5 {[%clk 0:03:26]}
41. Rxa4 {[%clk 0:25:23]} Rxc3 {[%clk 0:29:26]} 42. Re1+ {[%clk 0:25:21]} Kd6
{[%clk 0:29:49]} 43. Ra6+ {[%clk 0:25:45]} Kd7 {[%clk 0:28:23]} 44. Ra5 {[%clk
0:25:30]} Kd6 {[%clk 0:28:05]} 1/2-1/2

[Event "DEM U18 2022"]
[Site "Willingen GER"]
[Date "2022.06.09"]
[Round "7"]
[White "Leonard, Timo"]
[Black "Kallweit, Paul"]
[Result "1-0"]
[Termination "normal"]
[Board "10"]
[WhiteElo "2018"]
[BlackElo "1863"]
[WhiteClock "00:11:07"]
[BlackClock "00:01:06"]
[PlyCount "127"]
[WhiteFideId "16208757"]
[BlackFideId "16228081"]
[EventCountry "GER"]
[EventRounds "9"]
[EventType "swiss"]
[EventDate "2022.06.04"]

1. d4 {[%clk 1:30:57]} d5 {[%clk 1:30:50]} 2. c4 {[%clk 1:31:23]} c6 {[%clk
1:30:49]} 3. Nc3 {[%clk 1:31:48]} Nf6 {[%clk 1:30:51]} 4. e3 {[%clk 1:32:14]}
Qb6 {[%clk 1:15:21]} 5. Qc2 {[%clk 1:26:46]} dxc4 {[%clk 1:06:16]} 6. Bxc4
{[%clk 1:25:00]} Bg4 {[%clk 1:03:17]} 7. e4 {[%clk 1:05:05]} Qb4 {[%clk
0:41:40]} 8. Qd3 {[%clk 0:55:26]} e5 {[%clk 0:27:31]} 9. Bd2 {[%clk 0:44:46]}
Nbd7 {[%clk 0:23:13]} 10. Nb5 {[%clk 0:34:57]} cxb5 {[%clk 0:21:44]} 11. Bxf7+
{[%clk 0:34:32]} Kxf7 {[%clk 0:21:59]} 12. Bxb4 {[%clk 0:34:58]} Bxb4+ {[%clk
0:22:23]} 13. Kf1 {[%clk 0:35:26]} Bd6 {[%clk 0:15:45]} 14. f3 {[%clk 0:34:12]}
Bh5 {[%clk 0:15:39]} 15. g4 {[%clk 0:31:16]} Bg6 {[%clk 0:15:58]} 16. g5 {[%clk
0:31:26]} Ne8 {[%clk 0:16:07]} 17. Qxb5 {[%clk 0:31:10]} Ke7 {[%clk 0:13:48]}
18. Ne2 {[%clk 0:30:23]} Nc7 {[%clk 0:13:23]} 19. Qb3 {[%clk 0:29:18]} Rhf8
{[%clk 0:08:53]} 20. Kg2 {[%clk 0:28:25]} exd4 {[%clk 0:06:41]} 21. Nxd4 {[%clk
0:21:53]} Nc5 {[%clk 0:07:04]} 22. Qe3 {[%clk 0:21:20]} N7e6 {[%clk 0:06:49]}
23. Nxe6 {[%clk 0:21:01]} Nxe6 {[%clk 0:07:14]} 24. Rhd1 {[%clk 0:20:09]} Bc5
{[%clk 0:06:35]} 25. Qb3 {[%clk 0:19:35]} b6 {[%clk 0:03:09]} 26. Qa4 {[%clk
0:17:56]} Rfd8 {[%clk 0:02:46]} 27. b4 {[%clk 0:13:32]} Bd4 {[%clk 0:01:49]}
28. Rac1 {[%clk 0:13:26]} Be8 {[%clk 0:01:45]} 29. Qa6 {[%clk 0:12:08]} Rd7
{[%clk 0:01:41]} 30. Rd2 {[%clk 0:07:49]} Rad8 {[%clk 0:01:43]} 31. Rcd1 {[%clk
0:08:07]} Bh5 {[%clk 0:01:50]} 32. Qb5 {[%clk 0:07:03]} Rf8 {[%clk 0:01:16]}
33. Rf1 {[%clk 0:05:21]} Rc7 {[%clk 0:00:55]} 34. a4 {[%clk 0:02:45]} Be8
{[%clk 0:00:56]} 35. Qa6 {[%clk 0:02:39]} Be5 {[%clk 0:00:40]} 36. a5 {[%clk
0:02:02]} Bf4 {[%clk 0:00:40]} 37. axb6 {[%clk 0:01:57]} axb6 {[%clk 0:01:08]}
38. Ra2 {[%clk 0:02:00]} b5 {[%clk 0:01:09]} 39. Qb6 {[%clk 0:01:55]} Bd7
{[%clk 0:01:12]} 40. Rd1 {[%clk 0:01:25]} Rfc8 {[%clk 0:01:01]} 41. Ra7 {[%clk
0:25:35]} Rxa7 {[%clk 0:29:18]} 42. Qxa7 {[%clk 0:25:58]} Rc2+ {[%clk 0:29:13]}
43. Kf1 {[%clk 0:26:21]} Rc7 {[%clk 0:28:01]} 44. Qa2 {[%clk 0:24:13]} Nxg5
{[%clk 0:24:00]} 45. Qg8 {[%clk 0:20:12]} Ne6 {[%clk 0:13:00]} 46. Qxh7 {[%clk
0:20:33]} Rc3 {[%clk 0:10:42]} 47. Qh4+ {[%clk 0:17:31]} Ng5 {[%clk 0:09:07]}
48. Rd5 {[%clk 0:11:51]} Bh3+ {[%clk 0:06:57]} 49. Ke2 {[%clk 0:11:46]} Rc2+
{[%clk 0:00:35]} 50. Kd3 {[%clk 0:12:14]} Rd2+ {[%clk 0:00:35]} 51. Kc3 {[%clk
0:12:40]} Rxd5 {[%clk 0:00:35]} 52. exd5 {[%clk 0:13:07]} Be5+ {[%clk 0:00:35]}
53. Kb3 {[%clk 0:13:23]} Bf6 {[%clk 0:00:40]} 54. f4 {[%clk 0:13:35]} Bg2
{[%clk 0:00:33]} 55. fxg5 {[%clk 0:13:56]} Bxd5+ {[%clk 0:00:58]} 56. Kc2
{[%clk 0:14:14]} Be5 {[%clk 0:01:11]} 57. Kd3 {[%clk 0:13:50]} Kd6 {[%clk
0:01:20]} 58. Qh8 {[%clk 0:13:14]} Bc4+ {[%clk 0:01:07]} 59. Ke3 {[%clk
0:13:25]} Ke6 {[%clk 0:01:09]} 60. h4 {[%clk 0:11:26]} Bc3 {[%clk 0:01:17]} 61.
Qf8 {[%clk 0:11:26]} Bb2 {[%clk 0:00:59]} 62. Qe8+ {[%clk 0:10:43]} Kf5 {[%clk
0:01:06]} 63. Qe4# {[%clk 0:11:07]} Kxe4+ 64. Kxe4 1-0

[Event "DEM U18 2022"]
[Site "Willingen GER"]
[Date "2022.06.09"]
[Round "7"]
[White "Dietlmeier, Tobias"]
[Black "Hassemeier, Mika"]
[Result "0-1"]
[Termination "normal"]
[Board "11"]
[WhiteElo "1886"]
[BlackElo "2177"]
[WhiteClock "00:16:06"]
[BlackClock "00:06:35"]
[PlyCount "72"]
[WhiteFideId "16213963"]
[BlackFideId "12994880"]
[EventCountry "GER"]
[EventRounds "9"]
[EventType "swiss"]
[EventDate "2022.06.04"]

1. e4 {[%clk 1:30:56]} c6 {[%clk 1:29:33]} 2. d4 {[%clk 1:29:51]} g6 {[%clk
1:29:37]} 3. c4 {[%clk 1:29:01]} Bg7 {[%clk 1:28:50]} 4. Nf3 {[%clk 1:28:16]}
d6 {[%clk 1:28:29]} 5. Nc3 {[%clk 1:27:53]} a6 {[%clk 1:23:41]} 6. Be3 {[%clk
1:24:36]} b5 {[%clk 1:19:01]} 7. b3 {[%clk 1:19:54]} Nf6 {[%clk 1:13:30]} 8. e5
{[%clk 1:12:39]} Ng4 {[%clk 1:02:57]} 9. Bf4 {[%clk 1:08:40]} dxe5 {[%clk
0:59:45]} 10. Nxe5 {[%clk 1:08:30]} Nxe5 {[%clk 0:43:02]} 11. Bxe5 {[%clk
1:06:29]} Bxe5 {[%clk 0:40:53]} 12. dxe5 {[%clk 1:06:50]} Qa5 {[%clk 0:37:19]}
13. Qf3 {[%clk 0:59:01]} b4 {[%clk 0:35:35]} 14. Ne2 {[%clk 0:55:03]} Qxe5
{[%clk 0:35:02]} 15. Rd1 {[%clk 0:54:44]} Bf5 {[%clk 0:33:10]} 16. Qg3 {[%clk
0:52:58]} Nd7 {[%clk 0:31:32]} 17. Qxe5 {[%clk 0:50:41]} Nxe5 {[%clk 0:31:56]}
18. Nd4 {[%clk 0:50:07]} Bd7 {[%clk 0:31:13]} 19. c5 {[%clk 0:49:04]} a5 {[%clk
0:24:23]} 20. Be2 {[%clk 0:44:32]} O-O-O {[%clk 0:21:46]} 21. f4 {[%clk
0:37:59]} Ng4 {[%clk 0:21:54]} 22. Nxc6 {[%clk 0:36:29]} Bxc6 {[%clk 0:22:11]}
23. Bxg4+ {[%clk 0:36:50]} f5 {[%clk 0:22:10]} 24. Bf3 {[%clk 0:33:05]} Bxf3
{[%clk 0:22:00]} 25. gxf3 {[%clk 0:33:11]} Rxd1+ {[%clk 0:22:21]} 26. Kxd1
{[%clk 0:33:31]} Rd8+ {[%clk 0:22:25]} 27. Ke2 {[%clk 0:32:28]} Kc7 {[%clk
0:15:47]} 28. h4 {[%clk 0:28:32]} Rd5 {[%clk 0:14:04]} 29. Rc1 {[%clk 0:28:00]}
Kc6 {[%clk 0:13:32]} 30. Ke3 {[%clk 0:25:41]} Rxc5 {[%clk 0:09:08]} 31. Rxc5+
{[%clk 0:23:46]} Kxc5 {[%clk 0:09:31]} 32. Kd3 {[%clk 0:23:26]} Kd5 {[%clk
0:09:56]} 33. Ke3 {[%clk 0:23:21]} Kc5 {[%clk 0:10:05]} 34. Kd3 {[%clk
0:23:12]} Kd5 {[%clk 0:10:30]} 35. Ke3 {[%clk 0:23:27]} e6 {[%clk 0:07:15]} 36.
Kd3 {[%clk 0:16:06]} e5 {[%clk 0:06:35]} 0-1

[Event "DEM U18 2022"]
[Site "Willingen GER"]
[Date "2022.06.09"]
[Round "7"]
[White "Rohde, Niclas"]
[Black "Bornholdt, Joa Max"]
[Result "0-1"]
[Termination "normal"]
[Board "12"]
[WhiteElo "1730"]
[BlackElo "2132"]
[WhiteClock "00:02:46"]
[BlackClock "00:17:55"]
[PlyCount "90"]
[WhiteFideId "16230205"]
[BlackFideId "16253477"]
[EventCountry "GER"]
[EventRounds "9"]
[EventType "swiss"]
[EventDate "2022.06.04"]

1. e4 {[%clk 1:30:57]} e5 {[%clk 1:30:34]} 2. Nf3 {[%clk 1:31:11]} Nc6 {[%clk
1:30:57]} 3. Bc4 {[%clk 1:31:30]} Nf6 {[%clk 1:31:20]} 4. d3 {[%clk 1:31:50]}
Be7 {[%clk 1:31:44]} 5. O-O {[%clk 1:31:39]} O-O {[%clk 1:32:08]} 6. a4 {[%clk
1:31:23]} d6 {[%clk 1:23:58]} 7. h3 {[%clk 1:24:36]} Na5 {[%clk 1:23:02]} 8.
Ba2 {[%clk 1:24:48]} c5 {[%clk 1:23:25]} 9. Na3 {[%clk 1:18:14]} Be6 {[%clk
1:21:03]} 10. Bd2 {[%clk 1:14:56]} Re8 {[%clk 1:14:13]} 11. Re1 {[%clk
1:09:23]} Nc6 {[%clk 1:10:01]} 12. Nc4 {[%clk 1:06:11]} Bf8 {[%clk 1:01:22]}
13. Ng5 {[%clk 0:47:10]} Ne7 {[%clk 0:47:46]} 14. f4 {[%clk 0:37:00]} exf4
{[%clk 0:46:59]} 15. Bxf4 {[%clk 0:36:27]} Ng6 {[%clk 0:47:20]} 16. Nxe6 {[%clk
0:36:20]} fxe6 {[%clk 0:45:59]} 17. Bg3 {[%clk 0:35:27]} d5 {[%clk 0:36:44]}
18. exd5 {[%clk 0:33:20]} exd5 {[%clk 0:33:53]} 19. Ne3 {[%clk 0:30:30]} Kh8
{[%clk 0:31:58]} 20. Qf3 {[%clk 0:26:40]} Ne5 {[%clk 0:29:48]} 21. Qf5 {[%clk
0:24:26]} g6 {[%clk 0:27:54]} 22. Qf2 {[%clk 0:23:52]} Bg7 {[%clk 0:27:28]} 23.
Nf5 {[%clk 0:19:25]} gxf5 {[%clk 0:21:41]} 24. Rxe5 {[%clk 0:19:28]} Ne4 {[%clk
0:21:06]} 25. Rxe8+ {[%clk 0:16:19]} Qxe8 {[%clk 0:21:30]} 26. Qf3 {[%clk
0:15:47]} Nxg3 {[%clk 0:19:45]} 27. Qxg3 {[%clk 0:16:12]} Qxa4 {[%clk 0:19:45]}
28. c3 {[%clk 0:15:36]} d4 {[%clk 0:18:10]} 29. Qe1 {[%clk 0:11:51]} dxc3
{[%clk 0:17:39]} 30. bxc3 {[%clk 0:09:32]} Qc2 {[%clk 0:16:07]} 31. Bd5 {[%clk
0:08:28]} Bxc3 {[%clk 0:12:10]} 32. Rc1 {[%clk 0:08:43]} Bxe1 {[%clk 0:07:14]}
33. Rxc2 {[%clk 0:09:07]} Bb4 {[%clk 0:06:45]} 34. Bxb7 {[%clk 0:09:22]} Rd8
{[%clk 0:07:06]} 35. Ba6 {[%clk 0:09:37]} Rd6 {[%clk 0:07:14]} 36. Ra2 {[%clk
0:09:39]} Kg7 {[%clk 0:07:29]} 37. Bc8 {[%clk 0:09:44]} Kf6 {[%clk 0:05:23]}
38. Rxa7 {[%clk 0:08:05]} c4 {[%clk 0:04:47]} 39. d4 {[%clk 0:06:55]} c3 {[%clk
0:03:33]} 40. Rxh7 {[%clk 0:05:04]} Rxd4 {[%clk 0:02:25]} 41. Rc7 {[%clk
0:23:32]} Rd2 {[%clk 0:24:31]} 42. Rc6+ {[%clk 0:15:15]} Kg5 {[%clk 0:21:59]}
43. h4+ {[%clk 0:13:36]} Kf4 {[%clk 0:20:30]} 44. Kh2 {[%clk 0:04:26]} c2
{[%clk 0:18:47]} 45. Kh3 {[%clk 0:02:46]} Rd3+ {[%clk 0:17:55]} 0-1

[Event "DEM U18 2022"]
[Site "Willingen GER"]
[Date "2022.06.10"]
[Round "8"]
[White "Weishäutel, Moritz"]
[Black "Fromm, Marius"]
[Result "0-1"]
[Termination "normal"]
[Board "1"]
[WhiteTitle "FM"]
[BlackTitle "FM"]
[WhiteElo "2407"]
[BlackElo "2336"]
[WhiteClock "00:18:29"]
[BlackClock "00:04:27"]
[PlyCount "78"]
[WhiteFideId "12967300"]
[BlackFideId "12993190"]
[EventCountry "GER"]
[EventRounds "9"]
[EventType "swiss"]
[EventDate "2022.06.04"]

1. e4 {[%clk 1:30:57]} c5 {[%clk 1:30:56]} 2. Nf3 {[%clk 1:31:22]} d6 {[%clk
1:31:22]} 3. d4 {[%clk 1:31:49]} cxd4 {[%clk 1:31:49]} 4. Nxd4 {[%clk 1:32:15]}
Nf6 {[%clk 1:32:14]} 5. Nc3 {[%clk 1:32:42]} a6 {[%clk 1:32:41]} 6. Bg5 {[%clk
1:33:07]} e6 {[%clk 1:33:07]} 7. f4 {[%clk 1:33:33]} Qb6 {[%clk 1:33:33]} 8.
Qd3 {[%clk 1:32:44]} Qxb2 {[%clk 1:33:53]} 9. Rb1 {[%clk 1:33:11]} Qa3 {[%clk
1:34:19]} 10. f5 {[%clk 1:33:03]} Be7 {[%clk 1:34:34]} 11. fxe6 {[%clk
1:32:13]} fxe6 {[%clk 1:35:00]} 12. Be2 {[%clk 1:32:08]} Qa5 {[%clk 1:35:23]}
13. Bd2 {[%clk 1:32:01]} Qc7 {[%clk 1:35:49]} 14. g4 {[%clk 1:27:41]} h6 {[%clk
1:36:13]} 15. e5 {[%clk 1:13:58]} dxe5 {[%clk 1:36:03]} 16. Qg6+ {[%clk
1:14:23]} Kf8 {[%clk 1:30:13]} 17. Nf3 {[%clk 1:14:18]} Nc6 {[%clk 1:05:25]}
18. g5 {[%clk 1:05:33]} hxg5 {[%clk 1:05:33]} 19. Nxg5 {[%clk 1:05:57]} Nd8
{[%clk 0:50:17]} 20. Rf1 {[%clk 1:04:42]} Rh6 {[%clk 0:43:21]} 21. Nh7+ {[%clk
1:02:24]} Rxh7 {[%clk 0:43:46]} 22. Qxh7 {[%clk 1:02:50]} Nf7 {[%clk 0:44:05]}
23. Qg6 {[%clk 1:02:16]} Nd6 {[%clk 0:34:50]} 24. Bd3 {[%clk 0:42:06]} Nf5
{[%clk 0:29:42]} 25. Ne4 {[%clk 0:38:38]} Nxe4 {[%clk 0:28:36]} 26. Bxe4 {[%clk
0:39:07]} Qc4 {[%clk 0:25:21]} 27. Qg4 {[%clk 0:32:54]} b5 {[%clk 0:20:05]} 28.
Rb3 {[%clk 0:25:47]} Kg8 {[%clk 0:15:33]} 29. Rg1 {[%clk 0:24:02]} Bh4+ {[%clk
0:02:41]} 30. Kd1 {[%clk 0:24:25]} Ra7 {[%clk 0:03:03]} 31. Rc3 {[%clk
0:23:51]} Qxc3 {[%clk 0:03:22]} 32. Bxf5 {[%clk 0:21:30]} exf5 {[%clk 0:03:45]}
33. Qg6 {[%clk 0:20:00]} Qf3+ {[%clk 0:03:53]} 34. Kc1 {[%clk 0:20:26]} Rf7
{[%clk 0:03:44]} 35. Qd6 {[%clk 0:19:40]} Bf6 {[%clk 0:03:57]} 36. Rg3 {[%clk
0:18:30]} Qh1+ {[%clk 0:03:58]} 37. Kb2 {[%clk 0:18:56]} Qxh2 {[%clk 0:04:13]}
38. Rc3 {[%clk 0:19:15]} Bd7 {[%clk 0:04:08]} 39. Rc7 {[%clk 0:18:29]} e4+
{[%clk 0:04:27]} 0-1

[Event "DEM U18 2022"]
[Site "Willingen GER"]
[Date "2022.06.10"]
[Round "8"]
[White "Dahl, Christoph"]
[Black "Kölle, Tobias"]
[Result "1/2-1/2"]
[Termination "normal"]
[Board "2"]
[WhiteTitle "FM"]
[BlackTitle "FM"]
[WhiteElo "2351"]
[BlackElo "2443"]
[WhiteClock "00:03:52"]
[BlackClock "00:05:59"]
[PlyCount "70"]
[WhiteFideId "16240235"]
[BlackFideId "16207378"]
[EventCountry "GER"]
[EventRounds "9"]
[EventType "swiss"]
[EventDate "2022.06.04"]

1. e4 {[%clk 1:30:58]} c5 {[%clk 1:30:51]} 2. Nf3 {[%clk 1:31:04]} e6 {[%clk
1:31:15]} 3. d4 {[%clk 1:31:23]} cxd4 {[%clk 1:31:41]} 4. Nxd4 {[%clk 1:31:46]}
a6 {[%clk 1:32:08]} 5. Nc3 {[%clk 1:31:22]} b5 {[%clk 1:32:38]} 6. Bd3 {[%clk
1:31:09]} Bb7 {[%clk 1:33:06]} 7. O-O {[%clk 1:30:52]} Nc6 {[%clk 1:33:33]} 8.
Nxc6 {[%clk 1:29:54]} Bxc6 {[%clk 1:31:50]} 9. Re1 {[%clk 1:26:20]} Ne7 {[%clk
1:32:10]} 10. Qh5 {[%clk 1:23:29]} Ng6 {[%clk 1:23:16]} 11. Nd5 {[%clk
1:21:17]} Bd6 {[%clk 1:20:53]} 12. Bd2 {[%clk 1:16:09]} O-O {[%clk 1:05:52]}
13. Nb4 {[%clk 1:12:48]} Bb7 {[%clk 1:02:54]} 14. a3 {[%clk 1:06:01]} Be5
{[%clk 0:58:05]} 15. c3 {[%clk 0:59:20]} d6 {[%clk 0:56:15]} 16. Rad1 {[%clk
0:52:41]} Qc7 {[%clk 0:52:07]} 17. Nc2 {[%clk 0:49:57]} Rad8 {[%clk 0:50:58]}
18. Nd4 {[%clk 0:44:19]} Nf4 {[%clk 0:36:20]} 19. Bxf4 {[%clk 0:42:58]} Bxf4
{[%clk 0:35:27]} 20. Nf3 {[%clk 0:35:52]} Qc5 {[%clk 0:26:58]} 21. Qg4 {[%clk
0:31:52]} Bh6 {[%clk 0:23:41]} 22. Qh4 {[%clk 0:30:10]} e5 {[%clk 0:22:30]} 23.
Bc2 {[%clk 0:22:17]} a5 {[%clk 0:15:59]} 24. Bb3 {[%clk 0:22:21]} Qc7 {[%clk
0:13:04]} 25. Qh5 {[%clk 0:17:40]} Bc8 {[%clk 0:07:39]} 26. Nh4 {[%clk
0:06:38]} b4 {[%clk 0:06:21]} 27. cxb4 {[%clk 0:06:24]} axb4 {[%clk 0:06:50]}
28. Qf3 {[%clk 0:04:04]} bxa3 {[%clk 0:06:48]} 29. bxa3 {[%clk 0:04:31]} g6
{[%clk 0:06:19]} 30. Qd3 {[%clk 0:04:18]} Be6 {[%clk 0:04:44]} 31. Bd5 {[%clk
0:04:42]} Bxd5 {[%clk 0:04:56]} 32. Qxd5 {[%clk 0:05:02]} Ra8 {[%clk 0:05:19]}
33. Rd3 {[%clk 0:03:39]} Ra5 {[%clk 0:05:32]} 34. Qxd6 {[%clk 0:03:25]} Qxd6
{[%clk 0:05:43]} 35. Rxd6 {[%clk 0:03:52]} Rxa3 {[%clk 0:05:59]} 1/2-1/2